LEADER 01016nam a2200253 i 4500 001 000000164889 003 CaOOAMICUS 005 20070927000000.0 008 070927s1977 it u000 u ita u 013 $a142257 040 $aSeMil$bita 245 10$aCampania /$cA cura di Alfonso De Franciscis ... [et al.]. 260 $a[Milano] :$bElecta,$c1977. 260 $a[Italia] :$bBanca Nazionale del Lavoro,$c1977. 300 $a556 p. :$bill. ;$c32 cm. 500 $aIn custodia. - Contiene : Bibliografia ; Indici. - Fondo Card. Giovanni Colombo. 700 1 $aDe Franciscis, Alfonso.$0(OLS)http://semarc/name/52130 850 $aSeMil 852 $aSeMil$W1$xVenegono$y1$m4Y VII 98$j116093$B116093$CSeMilBibl$Z2$F127840 $8I 941 1 $a3 961 $aLascito: Colombo Card. Giovanni 996 $6245$aCampania$9(OLS)http://semarc/title/190294 996 $6260$a[Italia] :$bBanca Nazionale del Lavoro$9(OLS)http://semarc/publisher/48585 996 $6260$a[Milano] :$bElecta$9(OLS)http://semarc/publisher/29698 LEADER 01333nam a2200253 i 4500 001 000000237669 003 CaOOAMICUS 005 20180830230720.0 008 180830s2008 it s u000 u ita u 013 $a216574 040 $aSeMil$bita 245 10$aPacem in terris :$bun saggio videostorico /$ccura e sceneggiatura Alberto Melloni, regia e montaggio Fabio Nardelli, ricerche e interviste Federico Ruozzi. 260 $aBologna :$bFondazione per le scienze religiose Giovanni 23.,$c2008. 300 $a1 DVD ;$c19 cm. 500 $aContiene anche un foglio ripiegato col testo dell'Enciclica di Papa Giovanni 23. - COLLOCAZIONE : UFFICIO. 650 4$aGiovanni XXIII - Encicliche . Pacem in terris.$0(OLS)http://semarc/subject/9203 700 1 $aMelloni, Alberto,$d<1959- >.$0(OLS)http://semarc/name/1370 700 1 $aRuozzi, Federico,$d<1981- >.$0(OLS)http://semarc/name/89398 700 1 $aNardelli, Fabio,$d<1983- >.$0(OLS)http://semarc/name/80975 850 $aSeMil 852 $aSeMil$W1$xVenegono$y1$m$j2960$B188015$CSeMilBibl$Z2$F0 $85 961 $aOmaggio: Delpini mons. Mario 996 $6245$aPacem in terris :$bun saggio videostorico$9(OLS)http://semarc/title/338776 996 $6260$aBologna :$bFondazione per le scienze religiose Giovanni 23.$9(OLS)http://semarc/publisher/54311